Countries of the Americas Quiz - Statistics

General Stats
  • This quiz has been taken 479 times
  • The average score is 29 of 35
Answers on the Map
Answers color-coded by a green-red scale on the quiz's map according to % correct below.
 
Answer Stats
Country % Correct
Canada
100%
United States
100%
Mexico
98%
Argentina
95%
Brazil
95%
Chile
94%
Cuba
94%
Colombia
93%
Panama
92%
Peru
91%
Ecuador
90%
Venezuela
90%
Haiti
88%
Jamaica
88%
Paraguay
88%
Uruguay
88%
Bolivia
86%
Costa Rica
86%
Honduras
86%
Guatemala
85%
El Salvador
84%
Nicaragua
84%
Dominica
83%
Dominican Republic
82%
Belize
81%
Bahamas
80%
Suriname
77%
Guyana
76%
Trinidad and Tobago
66%
Barbados
65%
Antigua and Barbuda
63%
Saint Kitts and Nevis
63%
Saint Lucia
63%
Saint Vincent and the Grenadine
60%
Grenada
55%
No matching quizzes found
Score Distribution
Percent of People with Each Score
Percentile by Number Answered
Your Score History
You have not taken this quiz